Kỹ thuật canh tác cây ăn trái : Cây xoài

Bộ tài iệu "Kỹ thuật canh tác cây ăn trái" gồm nhiều quyển, mỗi quyển sẽ giới thiệu về kỹ thuật canh tác một loại cây ăn trái đang được trồng nhiều ở nước ta. Ở quyển 10, sách viết dễ hiểu và hết sức cụ thể đối với t...

Fuld beskrivelse

Đã lưu trong:
Bibliografiske detaljer
Hovedforfatter: Nguyễn, Danh Vàn
Format: Bog
Sprog:Undetermined
Udgivet: Thành phố Hồ Chí Minh Tổng hợp Thành phố Hồ Chí Minh 2008
Fag:
Tags: Tilføj Tag
Ingen Tags, Vær først til at tagge denne postø!
Thư viện lưu trữ: Trung tâm Học liệu Trường Đại học Cần Thơ
LEADER 01382nam a2200241Ia 4500
001 CTU_133807
008 210402s9999 xx 000 0 und d
020 |c 29000 
082 |a 634.44 
082 |b V105/Q.10 
100 |a Nguyễn, Danh Vàn 
245 0 |a Kỹ thuật canh tác cây ăn trái : 
245 0 |b Cây xoài 
245 0 |c Nguyễn Danh Vàn 
260 |a Thành phố Hồ Chí Minh 
260 |b Tổng hợp Thành phố Hồ Chí Minh 
260 |c 2008 
520 |a Bộ tài iệu "Kỹ thuật canh tác cây ăn trái" gồm nhiều quyển, mỗi quyển sẽ giới thiệu về kỹ thuật canh tác một loại cây ăn trái đang được trồng nhiều ở nước ta. Ở quyển 10, sách viết dễ hiểu và hết sức cụ thể đối với từng biện pháp kỹ thuật trong việc trồng cây xoài. Sách là một tài liệu hướng dẫn thiết thực cho bà con nhà vườn, người trực tiếp sản xuất ra trái cây cho xã hội. 
650 |a Fruit trees,Fruit trees,Cây ăn trái,Mango 
650 |x Varieties,Planting,Trồng cây 
904 |i Giang 
910 |a Ngô Hồng Xuân 
980 |a Trung tâm Học liệu Trường Đại học Cần Thơ